| Tag |
First Indicator |
Second Indicator |
Subfields |
| LEADER |
00000cam a2200000 a 4500 |
| 001 |
in00001521289 |
| 005 |
20151021171732.0 |
| 008 |
000224s1993 dcua b 000 0 eng |
| 010 |
|
|
|a 93027329
|
| 020 |
|
|
|a 0877666091 (casebound : alk. paper)
|
| 020 |
|
|
|a 0877666105 (alk. paper)
|
| 035 |
|
|
|a (OCoLC)28675182
|
| 040 |
|
|
|a DLC
|c DLC
|d YHM
|d UtOrBLW
|
| 043 |
|
|
|a n-us---
|
| 049 |
|
|
|a TXAM
|
| 050 |
0 |
0 |
|a HV741
|b .C487 1993
|
| 082 |
0 |
0 |
|a 362.7/08/6942
|2 20
|
| 245 |
0 |
0 |
|a Child poverty and public policy /
|c Judith A. Chafel, editor.
|
| 264 |
|
1 |
|a Washington, D.C. :
|b Urban Institute Press,
|c [1993]
|
| 264 |
|
4 |
|c ©1993
|
| 300 |
|
|
|a xx, 351 pages :
|b illustrations ;
|c 24 cm.
|
| 336 |
|
|
|a text
|b txt
|2 rdacontent
|
| 337 |
|
|
|a unmediated
|b n
|2 rdamedia
|
| 338 |
|
|
|a volume
|b nc
|2 rdacarrier
|
| 504 |
|
|
|a Includes bibliographical references.
|
| 505 |
0 |
|
|a Child poverty / Judith A. Chafel -- Profiles of children and families in poverty / Judith S. Musick -- Who are the poor? A demographic perspective / William H. Scarbrough -- Children of poverty / Suzanne M. Bianchi -- Childhood poverty and child maltreatment / Joan I. Vondra -- The child in poverty / Elsie G.J. Moore -- The 101st Congress / Sandra L. Hofferth -- Human capital / Harold Watts -- Advocacy for children in poverty / Judith A. Chafel and Kevin Condit.
|
| 650 |
|
0 |
|a Poor children
|z United States.
|
| 610 |
|
0 |
|a Big Brothers of America
|z United States.
|
| 651 |
|
0 |
|a United States
|x Social policy
|y 1980-1993.
|
| 700 |
1 |
|
|a Chafel, Judith A.
|
| 994 |
|
|
|a E0
|b TXA
|
| 948 |
|
|
|a cataloged
|b h
|c 2000/7/31
|d c
|e pkellar
|f 5:44:00 pm
|
| 999 |
|
|
|a MARS
|
| 999 |
f |
f |
|s fafdccc9-976d-3425-9962-a2f669a58b30
|i 6bd9bb46-f0dd-3199-b00f-201df08bfe34
|t 0
|
| 952 |
f |
f |
|p ric
|a Texas A&M University
|b Rellis Campus
|c Joint Library Facility
|d Remote Storage
|t 0
|e HV741 .C487 1993
|h Library of Congress classification
|i unmediated -- volume
|m A14826495220
|
| 998 |
f |
f |
|a HV741 .C487 1993
|t 0
|l Remote Storage
|